| 000 | 00911cam a22002654a 4500 | ||
|---|---|---|---|
| 001 | 11762152 | ||
| 005 | 20171214040752.0 | ||
| 008 | 990730s2000 nyu b 001 0 eng | ||
| 010 | _a 99043547 | ||
| 020 | _a1892746301 | ||
| 035 | _a(DLC) 99043547 | ||
| 040 |
_aDLC _cDLC _dDLC |
||
| 041 | _aeng | ||
| 042 | _apcc | ||
| 043 | _an-us--- | ||
| 080 | _a306.70285 | ||
| 082 | 0 | 0 |
_a306.70285 CIV _221 |
| 100 | 1 | _a19 | |
| 101 | _aSHP | ||
| 245 | 1 | 0 |
_aMale, female, email : _cMichael A. Civin. |
| 504 | _aIncludes bibliographical references (p. [221]-230) and index. | ||
| 906 |
_a7 _bcbc _corignew _d1 _eocip _f19 _gy-gencatlg |
||
| 942 |
_2ddc _cBK |
||
| 999 |
_c38897 _d38897 |
||